000 00386nam a2200157Ia 4500
999 _c30977
_d30977
003 OSt
005 20250730170340.0
008 250310s9999||||xx |||||||||||||| ||und||
040 _c.
082 _a823
_bM4235
100 _96202
_aMasters, John
245 0 _aNow God Be Thanked /
_cJohn Masters
260 _aLondon :
_bMichael Joseph Ltd,
_c1979.
300 _a589 p.
942 _cBK
_2ddc